| 000 | 00717nam a2200229 a 4500 | ||
|---|---|---|---|
| 001 | 59750 | ||
| 003 | BD-RjUL | ||
| 005 | 20211209080750.0 | ||
| 008 | 161227s1995 ii a 00100 eng | ||
| 020 | _a8171007163 | ||
| 035 | _a(BD-RjUL)59874 | ||
| 040 |
_aANL _beng _dANL _dBD-RjUL _cBD-RjUL |
||
| 041 | _aeng | ||
| 082 | 0 | 0 |
_223 _a347.54035 _bGUS 1995 |
| 100 | 1 |
_aGupta, Subhash Chandra. _d1959- _9177787 |
|
| 245 | 1 | 0 |
_aSupreme Court of India : _ban instrument of socio-legal advancement / _cSubhash Chandra Gupta. |
| 260 |
_aNew Delhi : _bDeep & Deep Publications, _cc1995. |
||
| 300 |
_axiv, 250 p. : _bill. ; _c23 cm. |
||
| 500 | _aIncludes index. | ||
| 610 | 1 | 0 |
_aIndia. _bSupreme Court. _9177789 |
| 942 |
_2ddc _cBK |
||
| 999 |
_c59750 _d59750 |
||